US National Parks Bordering Other Countries - Statistics

General Stats
  • This quiz has been taken 29 times
  • The average score is 5 of 6
Answer Stats
Country Bordering State Answer % Correct
Canada Montana Glacier
100%
Mexico Texas Big Bend
95%
Canada Alaska Glacier Bay
74%
Canada Washington North Cascades
74%
Canada Alaska Wrangell-Saint Elias
74%
Canada Minnesota Voyageurs
63%
No matching quizzes found
Score Distribution
Percent of People with Each Score
Percentile by Number Answered
Your Score History
You have not taken this quiz